South African Cricketers Who Have Played 50 Tests - Statistics

General Stats
  • This quiz has been taken 373 times
  • The average score is 12 of 18
Answer Stats
tests years player % Correct
165 1995-2013 Jacques Kallis
92%
108 1995-2008 Shaun Pollock
91%
116 2002-2014 Graeme Smith
89%
106 2004-2016 AB de Villiers
88%
94 2004-2016 Hashim Amla
88%
84 2004-2016 Dale Steyn
86%
146 1997-2012 Mark Boucher
81%
101 1998-2009 Makhaya Ntini
80%
72 1992-2002 Allan Donald
79%
101 1993-2004 Gary Kirsten
71%
68 1992-2000 Hansie Cronje
70%
90 1996-2008 Herschelle Gibbs
68%
71 2006-2016 Morne Morkel
68%
52 1992-2000 Jonty Rhodes
48%
70 1993-2001 Daryll Cullinan
45%
66 2002-2011 Ashwell Prince
43%
58 2000-2009 Neil McKenzie
25%
50 1951-1965 John Waite
9%
No matching quizzes found
Score Distribution
Percent of People with Each Score
Percentile by Number Answered
Your Score History
You have not taken this quiz